Mitos y leyendas de nuestra América

Guardat en:
Dades bibliogràfiques
Autor principal: Gevert, Lucía (Autor)
Format: Llibre
Idioma:espanyol
Publicat: Santiago Marenostrum 2005
Edició:1a. ed
Col·lecció:Colección la Buena Letra
Matèries:
Etiquetes: Afegir etiqueta
Sense etiquetes, Sigues el primer a etiquetar aquest registre!

MARC

LEADER 00000nam a2200000 a 4500
001 UCH8464
003 CL-VaPUC
008 091127e20050000CL |||||||||||||||||spa|d
020 |a 9562940993 
082 0 4 |a 398.2098  |b GEV  |2 21 
100 |a Gevert, Lucía  |e author  |9 545044 
245 1 0 |a Mitos y leyendas de nuestra América 
250 |a 1a. ed 
300 |a 140 p 
942 |c BK 
945 |d 20091127 00:00:00  |a lazolas 
260 |a Santiago  |b Marenostrum  |c 2005 
500 |a La presente edición viene con ilustraciones de Andrés Jullian 
600 0 7 |a AYMARAS  |2 CL-VaPUC  |9 433817 
600 0 |a mapuches  |9 362787 
600 0 7 |a HUILLICHES  |2 CL-VaPUC  |9 518582 
600 0 7 |a ONAS  |2 CL-VaPUC  |9 545045 
600 0 7 |a ATACAMEÑOS  |2 CL-VaPUC  |9 433818 
600 0 7 |a TEHUELCHES  |2 CL-VaPUC  |9 545046 
650 0 |a Literatura folklórica  |9 306605 
650 0 |a Mitos y leyendas  |9 409902 
650 0 |a Tradición oral   |9 321175 
651 0 |a Argentina  |9 254888 
651 0 |a Brasil  |9 267393 
651 7 |a CHILE  |2 CL-VaPUC  |9 545047 
651 0 |a Paraguay  |9 255336 
651 0 |a Uruguay  |9 255194 
651 0 |a Venezuela  |9 254993 
651 0 |a Colombia  |9 256424 
583 |a last modification  |c 20091127 00:00:00  |k Rodrigo Vera 
490 0 |a Colección la Buena Letra 
999 |c 338676  |d 338674